000
00331nam a22001457a 4500
008
230719b ||||| |||| 00| 0 eng d
020
_a
9780195068832
041
_a
eng
080
_a
902
082
_a
902
100
_a
44
101
_a
ENCI
245
_a
THE CAUSES OF MOLECULAR EVOLUTION
_c
GILLESPIE . H . J
942
_2
udc
_c
BK
999
_c
60176
_d
60176